MARC

LEADER 00000cam a2200000 a 4500
001 vtls008370232
003 SK-MaSNL
005 20260301164930.0
008 250313s1944 xo n 000 0 slo
015 |a SNBA19421945-034/0609 
035 |a SK01SNKBKSD220010062449 
035 |a urn:nbn:sk:snk-am3i46h 
035 |a 5577FBD2-0FD2-458E-B7A7-3C9A75AB9A0E 
035 |a urn:nbn:sk:snk-am00djg9 
035 |a SKM000064912 
040 |a SNK  |b slo  |c SNK  |e AACR2 
041 0 |a slo 
044 |a xo  |c SK 
080 |a 282  |2 1981 
100 1 |a Faith, Štefan,  |d 1894-1979  |4 aut  |9 162079 
245 1 0 |a Činný katolicizmus  |c Štefan Faith 
260 |a Trnava  |b Spolok sv. Vojtecha  |c 1944  |e Zvolen  |f Andrej, fil. 
300 |a 249, [v] s.  |c 8° 
490 1 |a Slovenská katolícka akadémia : X. Spisy sekcie bohovednej a filozofickej  |v č. 8 
500 |a uložené pod číslom 92 
500 |a duplikát je uložený pod číslom 537 
650 0 7 |a katolicizmus  |2 SNKPH  |9 4024 
650 0 7 |a pastorálna teológia  |2 SNKPH  |9 1811 
650 0 7 |a cirkev  |2 SNKPH  |9 1922 
650 0 7 |a kňazstvo  |2 SNKPH  |9 824 
650 0 7 |a apoštolát  |2 SNKPH  |9 111463 
650 0 7 |a cirkevná hierarchia  |2 SNKPH  |9 58512 
655 7 |a monografie  |2 SNKPH  |9 70139 
655 7 |a učebnice  |2 SNKPH  |9 22521 
655 7 |a odborné publikácie  |2 SNKPH  |9 60423 
810 2 |a Slovenská katolícka akadémia.  |t Spisy sekcie bohovednej a filozofickej  |9 309549 
852 |a Slovenská národná knižnica 
958 |a RK 
958 |a TL 
958 |a NT 
958 |a OND 
999 |c 822321  |d 824251 
952 |a SNK  |b SNK  |y VYP  |7 0  |p 17A1549643  |o snkSC 3195/8 D2  |i snkXI. 1106/55  |0 0  |1 0  |4 0  |d 2024-05-21  |l 0  |r 2026-02-24 03:10:46  |w 2026-02-24 
952 |a SNK  |b SNK  |y VYP  |7 0  |p 17A1549642  |o snkSC 3195/8 D1  |i snkVI. 1338/55  |0 0  |1 0  |4 0  |d 2018-11-08  |l 0  |r 2026-02-24 03:10:46  |w 2026-02-24 
952 |a SNK  |b SNK  |y PREZ  |7 0  |p 17A0755142  |o snkSC 3195/8  |i snk3060/44  |0 0  |1 0  |4 0  |d 2018-08-14  |f 1  |l 0  |r 2025-06-25 00:00:00  |w 2026-02-24